Electronics sources book for teachers (Record no. 3427)
[ view plain ]
| 000 -LEADER | |
|---|---|
| fixed length control field | 00502nam a2200169Ia 4500 |
| 003 - CONTROL NUMBER IDENTIFIER | |
| control field | IN-BaIIA |
| 008 - FIXED-LENGTH DATA ELEMENTS--GENERAL INFORMATION | |
| fixed length control field | 211028s9999 xx 000 0 eng d |
| 040 ## - CATALOGING SOURCE | |
| Transcribing agency | IIA Library |
| 080 ## - UNIVERSAL DECIMAL CLASSIFICATION NUMBER | |
| Universal Decimal Classification number | 681.38 |
| Item number | SPI |
| 100 ## - MAIN ENTRY--PERSONAL NAME | |
| Personal name | Spielman, Harold S |
| 9 (RLIN) | 6068 |
| 245 #0 - TITLE STATEMENT | |
| Title | Electronics sources book for teachers |
| Remainder of title | vol. 1 |
| Statement of responsibility, etc. | Harold S. Spielman |
| 260 ## - PUBLICATION, DISTRIBUTION, ETC. | |
| Place of publication, distribution, etc. | New York |
| Name of publisher, distributor, etc. | Hayden Book |
| Date of publication, distribution, etc. | 1965 |
| 300 ## - PHYSICAL DESCRIPTION | |
| Extent | vi, 513p. |
| 650 ## - SUBJECT ADDED ENTRY--TOPICAL TERM | |
| Topical term or geographic name entry element | Electronics |
| 9 (RLIN) | 1576 |
| 650 ## - SUBJECT ADDED ENTRY--TOPICAL TERM | |
| Topical term or geographic name entry element | NASA Thesaurus |
| 942 ## - ADDED ENTRY ELEMENTS (KOHA) | |
| Koha item type | Books |
| Withdrawn status | Lost status | Damaged status | Not for loan | Home library | Current library | Shelving location | Date acquired | Cost, normal purchase price | Total Checkouts | Full call number | Barcode | Date last seen | Cost, replacement price | Price effective from | Koha item type | Purchase Price |
|---|---|---|---|---|---|---|---|---|---|---|---|---|---|---|---|---|
| IIA Library-Bangalore | IIA Library-Kavalur | General Stacks | 02/04/1970 | 132.00 | 681.38/SPI | 3813 | 05/11/2021 | 132.00 | 02/04/1970 | Books | Rs. 132.00 |